[Event "Tradewise Gibraltar ChallWk2"]
[Site "Gibraltar"]
[Date "2016.02.02"]
[Round "4.15"]
[White "Midonet, Mathieu"]
[Black "Suez-Panama, Gilles"]
[Result "1-0"]
[WhiteElo "2211"]
[BlackElo "2032"]
[PlyCount "105"]
[EventDate "2016.01.30"]
[EventType "swiss"]
[EventRounds "5"]
[EventCountry "GGB"]
[SourceTitle "BritBase"]
[Source "www.saund.co.uk"]
[SourceDate "2018.02.10"]
[SourceVersion "1"]
[SourceVersionDate "2018.02.10"]
[SourceQuality "1"]

1. e4 e6 2. d4 d5 3. Nc3 Nf6 4. Bd3 c5 5. Nf3 Nc6 6. exd5 exd5 7. O-O c4 8.
Re1+ Be7 9. Bf1 O-O 10. b3 Bb4 11. Bd2 Bxc3 12. Bxc3 Ne4 13. Bb2 c3 14. Bc1 Bg4
15. Be3 f5 16. Qc1 h6 17. Be2 Qf6 18. Ne5 Bxe2 19. Nxc6 bxc6 20. Rxe2 f4 21. f3
Nd6 22. Bf2 Nb5 23. Qd1 Rae8 24. Rxe8 Rxe8 25. Qd3 Na3 26. Kf1 a6 27. Re1 Rxe1+
28. Bxe1 Nb1 29. Bxc3 Nxc3 30. Qxc3 Qd6 31. a4 Qa3 32. Qd2 Qa1+ 33. Kf2 g5 34.
Qd3 Kg7 35. Qd2 Qb2 36. Ke2 Qa1 37. Kd3 Qh1 38. h3 Kg6 39. Qe2 Kh5 40. Kd2 Qg1
41. Qe8+ Kh4 42. Qe1+ Qxe1+ 43. Kxe1 Kg3 44. Kf1 h5 45. c3 g4 46. hxg4 hxg4 47.
fxg4 Kxg4 48. Kf2 Kg5 49. Kf3 Kf5 50. a5 Kg5 51. c4 Kf5 52. cxd5 cxd5 53. b4
1-0

[Event "Tradewise Gibraltar ChallWk2"]
[Site "Gibraltar"]
[Date "2016.02.02"]
[Round "4.16"]
[White "Ranaivoharisoa, Alain"]
[Black "Romero Valencia, Fernando"]
[Result "0-1"]
[WhiteElo "2160"]
[BlackElo "2054"]
[PlyCount "70"]
[EventDate "2016.01.30"]
[EventType "swiss"]
[EventRounds "5"]
[EventCountry "GGB"]
[SourceTitle "BritBase"]
[Source "www.saund.co.uk"]
[SourceDate "2018.02.10"]
[SourceVersion "1"]
[SourceVersionDate "2018.02.10"]
[SourceQuality "1"]

1. e4 e5 2. Nf3 Nf6 3. Nxe5 Nxe4 4. Qe2 Qe7 5. Qxe4 d6 6. d4 dxe5 7. Qxe5 Qxe5+
8. dxe5 Nc6 9. Bf4 Nb4 10. Na3 Bf5 11. Bb5+ c6 12. Bc4 b5 13. Be2 Bxc2 14. O-O
Bd3 15. Rfe1 Bxe2 16. Rxe2 Nd3 17. Bg3 Bxa3 18. bxa3 c5 19. Rb1 a6 20. a4 b4
21. Rd1 c4 22. Rc2 O-O 23. Kf1 g5 24. h4 h6 25. hxg5 hxg5 26. Ke2 Rac8 27. Kf3
Rfd8 28. Rh1 Kg7 29. Ke4 Kg6 30. f4 Nc5+ 31. Kf3 Rd3+ 32. Kg4 Rd4 33. Bh2 Nd3
34. Re2 Re8 35. Kf3 gxf4 0-1

[Event "Tradewise Gibraltar ChallWk2"]
[Site "Gibraltar"]
[Date "2016.02.02"]
[Round "4.17"]
[White "Lung, Liviu-Catalin"]
[Black "Odeh, Kenneth"]
[Result "1/2-1/2"]
[WhiteElo "2141"]
[BlackElo "2014"]
[PlyCount "92"]
[EventDate "2016.01.30"]
[EventType "swiss"]
[EventRounds "5"]
[EventCountry "GGB"]
[SourceTitle "BritBase"]
[Source "www.saund.co.uk"]
[SourceDate "2018.02.10"]
[SourceVersion "1"]
[SourceVersionDate "2018.02.10"]
[SourceQuality "1"]

1. e4 c6 2. d4 d5 3. e5 c5 4. c3 Nc6 5. Nf3 Bg4 6. dxc5 Bxf3 7. Qxf3 Nxe5 8.
Bb5+ Nc6 9. c4 e6 10. Nc3 Nf6 11. Bg5 Be7 12. O-O O-O 13. Rad1 Qa5 14. cxd5
Nxd5 15. Bxc6 Bxg5 16. Bxb7 Nxc3 17. Qxc3 Qxc3 18. bxc3 Rad8 19. g3 Rxd1 20.
Rxd1 Rd8 21. Rb1 Be7 22. Rb5 Rd1+ 23. Kg2 Rc1 24. Bf3 f5 25. c6 Rxc3 26. Rb7
Bd6 27. Rd7 Be5 28. Re7 Kf8 29. Rxe6 Bc7 30. Re2 Bb6 31. h4 Kf7 32. Bd5+ Kf8
33. h5 Rc5 34. Rd2 g5 35. h6 Ke7 36. Re2+ Kd6 37. Bg8 Rxc6 38. Re6+ Kd7 39.
Rxc6 Kxc6 40. Bxh7 f4 41. Be4+ Kd6 42. Kf3 fxg3 43. fxg3 Ke6 44. Kg4 Kf6 45. h7
Kg7 46. Kxg5 Bg1 1/2-1/2

[Event "Tradewise Gibraltar ChallWk2"]
[Site "Gibraltar"]
[Date "2016.02.02"]
[Round "4.18"]
[White "Osuna Vega, Enrique"]
[Black "Ramirez Dominguez, Agustin"]
[Result "1/2-1/2"]
[WhiteElo "2127"]
[BlackElo "2011"]
[PlyCount "52"]
[EventDate "2016.01.30"]
[EventType "swiss"]
[EventRounds "5"]
[EventCountry "GGB"]
[SourceTitle "BritBase"]
[Source "www.saund.co.uk"]
[SourceDate "2018.02.10"]
[SourceVersion "1"]
[SourceVersionDate "2018.02.10"]
[SourceQuality "1"]

1. e4 e5 2. Nf3 Nf6 3. d3 Nc6 4. Be2 Be7 5. c3 d5 6. Nbd2 dxe4 7. dxe4 O-O 8.
Qc2 a6 9. Nc4 Bd6 10. a4 h6 11. O-O Ne8 12. Rd1 Qe7 13. Ne3 Bc5 14. Nd5 Qe6 15.
b4 Bd6 16. Nd2 Qg6 17. Nc4 Nf6 18. Nxd6 cxd6 19. Nxf6+ Qxf6 20. Be3 Qg6 21. f3
Bh3 22. Bf1 Rac8 23. Qb2 Rfd8 24. Bb6 Rd7 25. a5 Be6 26. Rd2 Ne7 1/2-1/2

[Event "Tradewise Gibraltar ChallWk2"]
[Site "Gibraltar"]
[Date "2016.02.02"]
[Round "4.19"]
[White "Sanghera, Parminder"]
[Black "Samaganova, Alexandra"]
[Result "0-1"]
[WhiteElo "2112"]
[BlackElo "1992"]
[PlyCount "74"]
[EventDate "2016.01.30"]
[EventType "swiss"]
[EventRounds "5"]
[EventCountry "GGB"]
[SourceTitle "BritBase"]
[Source "www.saund.co.uk"]
[SourceDate "2018.02.10"]
[SourceVersion "1"]
[SourceVersionDate "2018.02.10"]
[SourceQuality "1"]

1. Nf3 c5 2. c3 Nf6 3. d4 e6 4. Bf4 b6 5. e3 Bb7 6. Bd3 Be7 7. h3 O-O 8. O-O d5
9. Nbd2 Nc6 10. Ne5 Nxe5 11. Bxe5 Bd6 12. f4 Ne4 13. Bxe4 dxe4 14. Qg4 g6 15.
Rfd1 cxd4 16. Bxd4 Rc8 17. Nf1 f5 18. Qe2 Qc7 19. Nd2 e5 20. fxe5 Bxe5 21. Nb3
Bg3 22. Nd2 Bd5 23. b3 Rce8 24. Nf1 Be6 25. Nxg3 Qxg3 26. Qb5 Bc8 27. Rf1 h6
28. Qc4+ Be6 29. Qb5 Bc8 30. Rf4 g5 31. Qc6 gxf4 32. exf4 Re6 33. Qc7 Rg6 34.
Qc4+ Be6 35. Qe2 Qxf4 36. Rf1 Qg5 37. Be3 Qg3 0-1

[Event "Tradewise Gibraltar ChallWk2"]
[Site "Gibraltar"]
[Date "2016.02.02"]
[Round "4.20"]
[White "Lafortune, Emerick"]
[Black "Kandic, Milan"]
[Result "1/2-1/2"]
[WhiteElo "1923"]
[BlackElo "2109"]
[PlyCount "77"]
[EventDate "2016.01.30"]
[EventType "swiss"]
[EventRounds "5"]
[EventCountry "GGB"]
[SourceTitle "BritBase"]
[Source "www.saund.co.uk"]
[SourceDate "2018.02.10"]
[SourceVersion "1"]
[SourceVersionDate "2018.02.10"]
[SourceQuality "1"]

1. Nf3 d6 2. c4 e5 3. d3 f5 4. g3 Nc6 5. Bg2 Nf6 6. Nc3 Be7 7. O-O O-O 8. Ne1
Be6 9. Nd5 e4 10. Nxf6+ Bxf6 11. dxe4 fxe4 12. Bxe4 Bxc4 13. Bxh7+ Kh8 14. Bd3
Bg8 15. Ng2 Ne5 16. Nf4 Bf7 17. Bf5 g6 18. Be4 c6 19. h4 d5 20. Bg2 Kg7 21. Nh3
Be6 22. Ng5 Bf5 23. e4 dxe4 24. Qxd8 Raxd8 25. Nxe4 Bxe4 26. Bxe4 Nc4 27. Rb1
Rfe8 28. Bf3 Rd3 29. Kg2 Nd2 30. Bxd2 Rxd2 31. Rfd1 Red8 32. b3 Rxa2 33. Rxd8
Bxd8 34. Kf1 Bb6 35. Be2 Kf6 36. Rd1 Rb2 37. Rd6+ Kg7 38. Rd7+ Kf6 39. Rd6+
1/2-1/2

[Event "Tradewise Gibraltar ChallWk2"]
[Site "Gibraltar"]
[Date "2016.02.02"]
[Round "4.21"]
[White "Omoifo, Osemekhian I"]
[Black "Maloberti, David"]
[Result "1-0"]
[WhiteElo "2106"]
[BlackElo "2006"]
[PlyCount "92"]
[EventDate "2016.01.30"]
[EventType "swiss"]
[EventRounds "5"]
[EventCountry "GGB"]
[SourceTitle "BritBase"]
[Source "www.saund.co.uk"]
[SourceDate "2018.02.10"]
[SourceVersion "1"]
[SourceVersionDate "2018.02.10"]
[SourceQuality "1"]

1. Nf3 Nf6 2. c4 g6 3. b3 Bg7 4. Bb2 d6 5. d4 Bf5 6. Nc3 Nc6 7. g3 Nb4 8. Rc1
c5 9. a3 Na6 10. Bg2 O-O 11. O-O Bh6 12. e3 Qc8 13. Re1 Bg4 14. Ne2 cxd4 15.
Nfxd4 Qd7 16. Nb5 Ne8 17. Qd5 Nc5 18. b4 Be6 19. Qd1 Na6 20. Ned4 Bg4 21. Qd3
Nb8 22. Qe4 e5 23. Qxb7 exd4 24. Qxd7 Nxd7 25. Bxa8 d3 26. Bc3 Ne5 27. Bd2 Bf3
28. Bxf3 Nxf3+ 29. Kg2 Nxd2 30. Red1 Ne4 31. Rxd3 a6 32. Nc3 Nxc3 33. Rcxc3 Bg7
34. Rb3 f5 35. b5 Rf7 36. bxa6 Ra7 37. Rb8 Kf8 38. c5 d5 39. Rxd5 Rxa6 40. Rdd8
Re6 41. Rb7 Bf6 42. Rc8 Re7 43. c6 Be5 44. Rd8 Rc7 45. f4 Bf6 46. Rxe8+ Kf7 1-0

[Event "Tradewise Gibraltar ChallWk2"]
[Site "Gibraltar"]
[Date "2016.02.02"]
[Round "4.22"]
[White "Nordquelle, Daniel"]
[Black "Ruiz Manrique, Joaquin"]
[Result "1/2-1/2"]
[WhiteElo "2102"]
[BlackElo "1984"]
[Annotator "Rudd,Jack"]
[PlyCount "74"]
[EventDate "2016.01.30"]
[EventType "swiss"]
[EventRounds "5"]
[EventCountry "GGB"]
[SourceTitle "BritBase"]
[Source "www.saund.co.uk"]
[SourceDate "2018.02.10"]
[SourceVersion "1"]
[SourceVersionDate "2018.02.10"]
[SourceQuality "1"]

1. e4 g6 2. d4 Bg7 3. Nf3 d6 4. Bc4 e6 5. O-O Nd7 6. Nc3 b6 7. Bf4 Ne7 8. Qd2
h6 9. h4 Bb7 10. Rfe1 e5 11. Be3 exd4 12. Nxd4 Ne5 13. Be2 Qd7 14. h5 g5 15. f4
gxf4 16. Bxf4 O-O-O 17. a4 N5c6 18. Ndb5 a6 19. Na3 Nd4 20. Nc4 Nxe2+ 21. Qxe2
Bxc3 22. bxc3 Rdg8 23. Rab1 f5 24. Rxb6 Bxe4 25. Reb1 Qxa4 26. R6b4 Qxc2 27.
Nxd6+ Kd7 28. Qxc2 Bxc2 29. Rc1 cxd6 30. Rxc2 Nd5 31. Rd4 Nxf4 32. Rxf4 Rg5 33.
Ra2 Rhg8 34. Rff2 Rc8 35. Rxa6 Rxc3 36. Ra7+ Ke6 37. Rh7 Rxh5 {The remainder
of the scoresheet is illegible} 1/2-1/2

[Event "Tradewise Gibraltar ChallWk2"]
[Site "Gibraltar"]
[Date "2016.02.02"]
[Round "4.23"]
[White "Petersson, Baldur Teodor"]
[Black "Palmqvist, Fredrik"]
[Result "1/2-1/2"]
[WhiteElo "1980"]
[BlackElo "2080"]
[PlyCount "99"]
[EventDate "2016.01.30"]
[EventType "swiss"]
[EventRounds "5"]
[EventCountry "GGB"]
[SourceTitle "BritBase"]
[Source "www.saund.co.uk"]
[SourceDate "2018.02.10"]
[SourceVersion "1"]
[SourceVersionDate "2018.02.10"]
[SourceQuality "1"]

1. e4 c5 2. Nc3 e6 3. g3 d5 4. exd5 exd5 5. Bg2 Nf6 6. d3 d4 7. Ne4 Nxe4 8.
Bxe4 Bd6 9. Ne2 Nc6 10. O-O Bg4 11. f3 Be6 12. Bf4 O-O 13. Bxc6 bxc6 14. Bxd6
Qxd6 15. Nf4 Rfe8 16. b3 Bd5 17. Qd2 Re3 18. Kg2 Rae8 19. Rae1 Bxf3+ 20. Kg1 h6
21. c4 Qe5 22. Rxe3 Qxe3+ 23. Qxe3 Rxe3 24. Kf2 g5 25. Ng2 Bxg2 26. Kxg2 Rxd3
27. Rf5 Rd2+ 28. Kf3 Rxa2 29. Rxc5 Ra3 30. Ke4 Rxb3 31. Kxd4 Rb7 32. Rxc6 Kg7
33. Ra6 Rd7+ 34. Ke5 Re7+ 35. Kd5 f5 36. c5 f4 37. gxf4 gxf4 38. c6 Rf7 39. Kd6
Rf6+ 40. Kd7 Rf7+ 41. Kc8 f3 42. Ra1 Kf6 43. c7 Ke5 44. Kb8 Rxc7 45. Kxc7 Ke4
46. Ra6 f2 47. Rf6 Ke3 48. Re6+ Kf3 49. Rf6+ Kg2 50. Rg6+ 1/2-1/2

[Event "Tradewise Gibraltar ChallWk2"]
[Site "Gibraltar"]
[Date "2016.02.02"]
[Round "4.24"]
[White "Toval Lopez, Alberto"]
[Black "Burrows, Zachary"]
[Result "1/2-1/2"]
[WhiteElo "1952"]
[BlackElo "2074"]
[PlyCount "68"]
[EventDate "2016.01.30"]
[EventType "swiss"]
[EventRounds "5"]
[EventCountry "GGB"]
[SourceTitle "BritBase"]
[Source "www.saund.co.uk"]
[SourceDate "2018.02.10"]
[SourceVersion "1"]
[SourceVersionDate "2018.02.10"]
[SourceQuality "1"]

1. e4 d5 2. exd5 Qxd5 3. Nc3 Qa5 4. Bc4 Nf6 5. d3 Nc6 6. Bd2 Bg4 7. f3 Qe5+ 8.
Qe2 Qxe2+ 9. Ngxe2 Bd7 10. O-O-O e6 11. Nb5 O-O-O 12. Rhe1 a6 13. Nbd4 Ne5 14.
Nc3 Bd6 15. Bb3 Ng6 16. Nde2 h6 17. g3 Ne5 18. Rf1 Rhf8 19. Ne4 Nxe4 20. fxe4
c5 21. Ng1 b5 22. Bc3 f6 23. Nf3 Nxf3 24. Rxf3 e5 25. Rf2 Bg4 26. Re1 Bc7 27.
Bd5 Bb6 28. Bd2 Rd6 29. Be3 Rfd8 30. b3 Kc7 31. c4 b4 32. Rh1 Bh3 33. Rg1 Bg4
34. h3 Bd7 1/2-1/2

[Event "Tradewise Gibraltar ChallWk2"]
[Site "Gibraltar"]
[Date "2016.02.02"]
[Round "4.25"]
[White "Dasaolu, Rotimi"]
[Black "Sedgwick, David"]
[Result "1-0"]
[WhiteElo "2060"]
[BlackElo "1973"]
[PlyCount "67"]
[EventDate "2016.01.30"]
[EventType "swiss"]
[EventRounds "5"]
[EventCountry "GGB"]
[SourceTitle "BritBase"]
[Source "www.saund.co.uk"]
[SourceDate "2018.02.10"]
[SourceVersion "1"]
[SourceVersionDate "2018.02.10"]
[SourceQuality "1"]

1. Nf3 d5 2. c4 d4 3. d3 c5 4. b4 e5 5. Nxe5 Nd7 6. Nxd7 Bxd7 7. b5 Nf6 8. g3
Be7 9. Bg2 Qc8 10. h3 O-O 11. g4 a6 12. bxa6 Rxa6 13. Bf4 Bc6 14. O-O Bxg2 15.
Kxg2 Nxg4 16. hxg4 Qxg4+ 17. Bg3 h5 18. e4 Qg6 19. Kh1 h4 20. Bh2 f5 21. Nd2
Bg5 22. exf5 Rxf5 23. Ne4 Bf4 24. Rg1 Qf7 25. Qg4 Bxh2 26. Kxh2 Qc7+ 27. Kh1
Rf4 28. Qh3 Ra3 29. Qe6+ Kf8 30. Rg5 Rxd3 31. Rh5 Rh3+ 32. Qxh3 Qf7 33. Qc8+
Ke7 34. Qc7+ 1-0

[Event "Tradewise Gibraltar ChallWk2"]
[Site "Gibraltar"]
[Date "2016.02.02"]
[Round "4.26"]
[White "Wright, Jonathan"]
[Black "Ebner, Johann"]
[Result "0-1"]
[WhiteElo "1902"]
[BlackElo "2036"]
[PlyCount "96"]
[EventDate "2016.01.30"]
[EventType "swiss"]
[EventRounds "5"]
[EventCountry "GGB"]
[SourceTitle "BritBase"]
[Source "www.saund.co.uk"]
[SourceDate "2018.02.10"]
[SourceVersion "1"]
[SourceVersionDate "2018.02.10"]
[SourceQuality "1"]

1. e4 e6 2. d3 c5 3. Nd2 g6 4. g3 Bg7 5. Bg2 Ne7 6. Ne2 O-O 7. O-O d5 8. f4
Nbc6 9. c3 b6 10. g4 f5 11. gxf5 exf5 12. e5 g5 13. d4 g4 14. c4 Be6 15. b3 a5
16. Bb2 Ra7 17. dxc5 bxc5 18. Nc3 Rd7 19. Qe1 Nb4 20. Qe2 d4 21. Nb5 Nc2 22.
Rac1 Ne3 23. Rfe1 Nxg2 24. Qxg2 Bh6 25. Rf1 Qa8 26. Ba3 Qxg2+ 27. Kxg2 Rc8 28.
Rf2 Rdd8 29. Rcf1 Ng6 30. Nd6 Rc6 31. h3 gxh3+ 32. Kxh3 Bf8 33. Nb5 Rb6 34. Kg3
Rd7 35. Rh1 Rg7 36. Kf3 Bd7 37. Ke2 Bxb5 38. cxb5 Rxb5 39. Nc4 Rb8 40. Kf3 Rb5
41. Bc1 a4 42. bxa4 Rb4 43. Na5 Rxa4 44. Nc6 Ra6 45. Nd8 Rd7 46. Rfh2 Rxd8 47.
Rxh7 Bg7 48. R7h5 Rf8 0-1

[Event "Tradewise Gibraltar ChallWk2"]
[Site "Gibraltar"]
[Date "2016.02.02"]
[Round "4.27"]
[White "Krokay, Urszula"]
[Black "Bryant, Richard B E"]
[Result "0-1"]
[WhiteElo "2035"]
[BlackElo "1961"]
[PlyCount "132"]
[EventDate "2016.01.30"]
[EventType "swiss"]
[EventRounds "5"]
[EventCountry "GGB"]
[SourceTitle "BritBase"]
[Source "www.saund.co.uk"]
[SourceDate "2018.02.10"]
[SourceVersion "1"]
[SourceVersionDate "2018.02.10"]
[SourceQuality "1"]

1. d4 d5 2. c4 c6 3. cxd5 cxd5 4. Bf4 Nc6 5. e3 Nf6 6. Bd3 h6 7. Nc3 a6 8. Nf3
e6 9. O-O Bd6 10. Ne5 Qc7 11. Rc1 Nd7 12. Nxc6 Bxf4 13. exf4 bxc6 14. f5 Nf6
15. Na4 O-O 16. Qc2 exf5 17. Qxc6 Qxc6 18. Rxc6 Bd7 19. Rxf6 gxf6 20. Nc5 Bb5
21. Rd1 Bxd3 22. Rxd3 Rfd8 23. Rf3 Rab8 24. b3 Rb4 25. Rd3 a5 26. Kf1 Re8 27.
a4 f4 28. Na6 Rb7 29. g3 fxg3 30. hxg3 Kg7 31. Kg2 Kg6 32. Kf3 Re1 33. Nc5 Rbe7
34. Rd2 Rb1 35. Kf4 f5 36. Kf3 h5 37. Kf4 f6 38. Kf3 h4 39. gxh4 Rh1 40. Kg3
Kh5 41. Nd3 Rg7+ 42. Kf4 Kg6 43. b4 axb4 44. Nxb4 Rxh4+ 45. Kf3 Rd7 46. a5 Rh3+
47. Ke2 Rb3 48. Nd3 Ra3 49. Rd1 Rxa5 50. Rg1+ Kf7 51. Rh1 Ra2+ 52. Ke3 Ra3 53.
Kd2 Re7 54. Rh7+ Ke8 55. Rh8+ Kd7 56. Nc5+ Kc7 57. Rf8 Ra2+ 58. Kc3 Rxf2 59.
Rxf6 Re3+ 60. Kb4 f4 61. Rf7+ Kd8 62. Rd7+ Ke8 63. Rxd5 Rb2+ 64. Kc4 f3 65. Rf5
Rc2+ 66. Kd5 Ra2 0-1

[Event "Tradewise Gibraltar ChallWk2"]
[Site "Gibraltar"]
[Date "2016.02.02"]
[Round "4.28"]
[White "Calvi, Stefan"]
[Black "Tranter, Stephen"]
[Result "0-1"]
[WhiteElo "2026"]
[BlackElo "1952"]
[PlyCount "59"]
[EventDate "2016.01.30"]
[EventType "swiss"]
[EventRounds "5"]
[EventCountry "GGB"]
[SourceTitle "BritBase"]
[Source "www.saund.co.uk"]
[SourceDate "2018.02.10"]
[SourceVersion "1"]
[SourceVersionDate "2018.02.10"]
[SourceQuality "1"]

1. e4 c6 2. Nf3 d5 3. exd5 cxd5 4. Ne5 Nd7 5. d4 g6 6. Nd2 Nxe5 7. dxe5 Bg7 8.
Nf3 e6 9. Bd3 Ne7 10. O-O O-O 11. c3 Bd7 12. Bf4 Qb6 13. Qe2 a6 14. a4 Rac8 15.
Qd2 Nc6 16. b4 d4 17. cxd4 Nxd4 18. Nxd4 Qxd4 19. Rfe1 Rc3 20. Be4 Rc4 21. Bxb7
Rxb4 22. Bxa6 Bxe5 23. Rxe5 Qxa1+ 24. Re1 Rb1 25. Rxb1 Qxb1+ 26. Bf1 Bxa4 27.
Qe2 Rd8 28. Qc4 Qb3 29. Qc7 Qd5 30. h4 0-1

[Event "Tradewise Gibraltar ChallWk2"]
[Site "Gibraltar"]
[Date "2016.02.02"]
[Round "4.29"]
[White "Ohlsson, Mikael"]
[Black "Gostelow, David W"]
[Result "0-1"]
[WhiteElo "1810"]
[BlackElo "2023"]
[PlyCount "80"]
[EventDate "2016.01.30"]
[EventType "swiss"]
[EventRounds "5"]
[EventCountry "GGB"]
[SourceTitle "BritBase"]
[Source "www.saund.co.uk"]
[SourceDate "2018.02.10"]
[SourceVersion "1"]
[SourceVersionDate "2018.02.10"]
[SourceQuality "1"]

1. c4 e5 2. Nc3 Nf6 3. g3 d5 4. cxd5 Nxd5 5. Bg2 Nb6 6. Nf3 Nc6 7. O-O Be7 8.
d3 Be6 9. b3 O-O 10. Bb2 f5 11. Qc1 Kh8 12. Rd1 a5 13. Nb5 Bf6 14. d4 e4 15.
Ne5 Bd5 16. Qc3 Re8 17. Nc4 Ra6 18. Rac1 Qd7 19. Qd2 a4 20. Qf4 Rc8 21. Bh3 Be6
22. Ne5 Qe8 23. Nxc6 Nd5 24. Qd2 bxc6 25. Na3 Rb8 26. bxa4 Rxa4 27. Rc4 Ra6 28.
Ra1 e3 29. Qc1 exf2+ 30. Kxf2 h6 31. Rc2 Bg5 32. Qd1 Ne3 33. Qd3 Nxc2 34. Qxc2
Bd5 35. Qc3 Qh5 36. Bg2 Rab6 37. Bxd5 cxd5 38. Bc1 Qxh2+ 39. Kf3 f4 40. Qxc7
Qxg3# 0-1

[Event "Tradewise Gibraltar ChallWk2"]
[Site "Gibraltar"]
[Date "2016.02.02"]
[Round "4.30"]
[White "Harding, Tim D"]
[Black "Boron, Anthony"]
[Result "1-0"]
[WhiteElo "2006"]
[BlackElo "1915"]
[PlyCount "69"]
[EventDate "2016.01.30"]
[EventType "swiss"]
[EventRounds "5"]
[EventCountry "GGB"]
[SourceTitle "BritBase"]
[Source "www.saund.co.uk"]
[SourceDate "2018.02.10"]
[SourceVersion "1"]
[SourceVersionDate "2018.02.10"]
[SourceQuality "1"]

1. d4 e6 2. c4 f5 3. g3 Nf6 4. Bg2 c6 5. Nf3 d5 6. Bf4 Be7 7. O-O O-O 8. Nbd2
Ne4 9. Be5 Nd7 10. e3 g5 11. Rc1 Nxd2 12. Qxd2 g4 13. Ne1 Nxe5 14. dxe5 Bg5 15.
cxd5 cxd5 16. Nd3 b6 17. Nb4 Bb7 18. Qd4 Qd7 19. Rc3 Rac8 20. Rfc1 Rxc3 21.
Rxc3 Be7 22. Nd3 Rc8 23. b3 h5 24. h4 Kg7 25. b4 Ba6 26. Nf4 Rh8 27. e4 fxe4
28. Bxe4 Rh6 29. Bc2 Qb7 30. a4 Bc4 31. Nd3 Bxd3 32. Rxd3 a5 33. bxa5 Bc5 34.
Qf4 bxa5 35. Qg5+ 1-0

[Event "Tradewise Gibraltar ChallWk2"]
[Site "Gibraltar"]
[Date "2016.02.02"]
[Round "4.31"]
[White "Burke, Mitchell R"]
[Black "Cramling Bellon, Anna Yolanda"]
[Result "1/2-1/2"]
[WhiteElo "2002"]
[BlackElo "1830"]
[PlyCount "69"]
[EventDate "2016.01.30"]
[EventType "swiss"]
[EventRounds "5"]
[EventCountry "GGB"]
[SourceTitle "BritBase"]
[Source "www.saund.co.uk"]
[SourceDate "2018.02.10"]
[SourceVersion "1"]
[SourceVersionDate "2018.02.10"]
[SourceQuality "1"]

1. e4 c5 2. Nc3 Nc6 3. f4 g6 4. Nf3 Bg7 5. Bb5 Nd4 6. O-O Nxb5 7. Nxb5 d5 8. e5
d4 9. c3 Bd7 10. Qe2 a6 11. Na3 Nh6 12. cxd4 cxd4 13. Nc2 Bb5 14. d3 Nf5 15. b3
Ne3 16. Nxe3 dxe3 17. Rd1 Rc8 18. Bxe3 O-O 19. Nd4 Qd5 20. Nxb5 Qxb5 21. Qd2
Rc6 22. Rac1 Rfc8 23. Rxc6 Rxc6 24. d4 Qd5 25. Rc1 e6 26. Rxc6 Qxc6 27. Qc1 Qd7
28. Qc4 Bf8 29. h3 Be7 30. Kh2 Kh8 31. Bd2 b5 32. Qd3 Bc5 33. Bc3 Be7 34. Qe4
Qc8 35. Bd2 1/2-1/2

[Event "Tradewise Gibraltar ChallWk2"]
[Site "Gibraltar"]
[Date "2016.02.02"]
[Round "4.33"]
[White "Brandstetter, Dieter"]
[Black "Bonillo Coll, Alex"]
[Result "1-0"]
[WhiteElo "2039"]
[BlackElo "1835"]
[PlyCount "53"]
[EventDate "2016.01.30"]
[EventType "swiss"]
[EventRounds "5"]
[EventCountry "GGB"]
[SourceTitle "BritBase"]
[Source "www.saund.co.uk"]
[SourceDate "2018.02.10"]
[SourceVersion "1"]
[SourceVersionDate "2018.02.10"]
[SourceQuality "1"]

1. d4 d5 2. Nf3 Nf6 3. c4 c6 4. e3 Bf5 5. Nc3 Nbd7 6. cxd5 cxd5 7. Qb3 Nb6 8.
Bb5+ Bd7 9. Ne5 e6 10. Bd2 Bxb5 11. Nxb5 Be7 12. Ba5 Nfd7 13. Rc1 Rc8 14. O-O
Nxe5 15. dxe5 Rc5 16. Rxc5 Bxc5 17. Rc1 Qe7 18. Nd6+ Bxd6 19. exd6 Qd7 20. Bxb6
axb6 21. Rc7 Qd8 22. Qb5+ Kf8 23. Qxb6 g6 24. Qxb7 Kg7 25. Rxf7+ Kh6 26. Qe7
Qxe7 27. Rxe7 1-0

[Event "Tradewise Gibraltar ChallWk2"]
[Site "Gibraltar"]
[Date "2016.02.02"]
[Round "4.34"]
[White "Mircov, Nicola-Alexandar"]
[Black "Lochte, Szilvia"]
[Result "1-0"]
[WhiteElo "1944"]
[BlackElo "1913"]
[PlyCount "69"]
[EventDate "2016.01.30"]
[EventType "swiss"]
[EventRounds "5"]
[EventCountry "GGB"]
[SourceTitle "BritBase"]
[Source "www.saund.co.uk"]
[SourceDate "2018.02.10"]
[SourceVersion "1"]
[SourceVersionDate "2018.02.10"]
[SourceQuality "1"]

1. e4 c5 2. Nf3 e6 3. d4 cxd4 4. Nxd4 a6 5. c4 Qc7 6. Nc3 Nf6 7. Be2 Bb4 8. Qd3
Nc6 9. Nxc6 bxc6 10. a3 Be7 11. f4 d6 12. g4 h6 13. Be3 Bb7 14. O-O-O d5 15.
Bf3 dxe4 16. Nxe4 c5 17. Nd6+ Bxd6 18. Bxb7 Rd8 19. Bf3 O-O 20. Qd2 Be5 21. Qf2
Bxf4 22. Be2 Bxe3+ 23. Qxe3 Rd6 24. h4 Rfd8 25. g5 Rxd1+ 26. Bxd1 hxg5 27. hxg5
Ne8 28. g6 Nf6 29. Bc2 Ng4 30. Qe4 Nf6 31. Qh4 Kf8 32. Qh8+ Ng8 33. Qh3 Qf4+
34. Kb1 Qh6 35. Qf3 1-0

[Event "Tradewise Gibraltar ChallWk2"]
[Site "Gibraltar"]
[Date "2016.02.02"]
[Round "4.35"]
[White "Slinger, Tony J"]
[Black "Musi, Dietmar"]
[Result "1-0"]
[WhiteElo "1915"]
[BlackElo "1754"]
[PlyCount "103"]
[EventDate "2016.01.30"]
[EventType "swiss"]
[EventRounds "5"]
[EventCountry "GGB"]
[SourceTitle "BritBase"]
[Source "www.saund.co.uk"]
[SourceDate "2018.02.10"]
[SourceVersion "1"]
[SourceVersionDate "2018.02.10"]
[SourceQuality "1"]

1. c4 c6 2. Nf3 Nf6 3. g3 d5 4. Bg2 Bg4 5. O-O e6 6. b3 Bc5 7. d4 Bxf3 8. Bxf3
Bd6 9. Bb2 Nbd7 10. Nd2 O-O 11. e4 dxe4 12. Nxe4 Nxe4 13. Bxe4 Nf6 14. Bg2 Qe7
15. Re1 Bb4 16. Re2 Rfd8 17. Qc2 Rac8 18. a3 Ba5 19. b4 Bb6 20. Rd1 a5 21. Qb3
Qd7 22. Red2 axb4 23. axb4 Qe7 24. Bc3 h6 25. Qb2 Rd7 26. b5 cxb5 27. Qxb5 Bc7
28. Qxb7 Rb8 29. Qa6 Rb6 30. Qa1 Bd8 31. Ra2 Rb3 32. Rb1 Rxb1+ 33. Qxb1 Ra7 34.
Rxa7 Qxa7 35. Qa1 Qc7 36. Qa4 Qb6 37. Bf3 Qb1+ 38. Kg2 Qb8 39. Qa8 Qxa8 40.
Bxa8 Kf8 41. Bb4+ Be7 42. Bxe7+ Kxe7 43. Kf3 Kd6 44. h3 Ne8 45. Ke3 Nf6 46. f4
Nh5 47. g4 Nf6 48. Bf3 g6 49. Kd3 Nd7 50. c5+ Kc7 51. Kc4 Nf6 52. d5 1-0